Prognózy Českej národnej banky

Počiatočné podmienky, predpoklady a vyznenie prognózy pripravenej pre májové menovopolitické zasadnutie bankovej rady Českej národnej banky. Prognóza je doplnená o komentár údajov publikovaných po uzavretí prognózy a o vývoj úverov v poslednom období.

Guardado en:
Detalles Bibliográficos
Autor principal: Saxa, Branislav
Formato: Capítulo de libro
Lenguaje:eslovaco
Materias:
Etiquetas: Agregar Etiqueta
Sin Etiquetas, Sea el primero en etiquetar este registro!

MARC

LEADER 00000naa$a2200000$$$4500
001 0098733
005 20231116085536.5
041 0 |a slo 
044 |a SK 
245 1 0 |a Prognózy Českej národnej banky  |c Branislav Saxa 
520 |a Počiatočné podmienky, predpoklady a vyznenie prognózy pripravenej pre májové menovopolitické zasadnutie bankovej rady Českej národnej banky. Prognóza je doplnená o komentár údajov publikovaných po uzavretí prognózy a o vývoj úverov v poslednom období. 
610 2 0 |a prognózy hospodárske 
610 2 0 |a modely prognostické 
610 2 0 |a Česko 
610 2 0 |a bankovníctvo 
610 2 0 |a eurozóna 
610 2 0 |a ukazovatele makroekonomické 
100 1 |a Saxa, Branislav